000 00655nam a22002057a 4500
942 _cBK
999 _c772
_d772
005 20250420134824.0
008 211116b ||||| |||| 00| 0 eng d
020 _a9780521657587
040 _cKCST
082 _a428.24
_bRa Ho
100 _aRaimes, Ann
_d1938-
_95577
245 _aHow English works :
_ba grammar handbook with readings /
_cAnn Raimes
260 _aCambridge:
_bCambridge University Press,
_c ©1998.
300 _a389 p.
650 _aEnglish language
_vTextbooks for foreign speakers.
_94734
650 _aEnglish language
_vGrammar
_vHandbooks, manuals, etc.
_95578
650 _aEnglish language.
_92090
942 _2ddc